00765nam a2200205 i 4500001000700000003000900007005001700016007000300033008004100036100001900077245010800096260003600204300002900240490002100269500008900290500010500379700002000484830002100504852003400525125143ES-MaACL20230906192549.0t|070504s1934 sp ||||1| spa d1 aPaso, Antonio.13aEl juzgado se divierte b: juguete cómico, en tres actos / cAntonio Paso ; dibujos de Antonio Merlo. aMadrid : bRibadeneyra, c1934. a79 p. : bil. ; c17 cm.1 aLa Farsa ; v333 aEstrenado en el Teatro de la Comedia de Madrid la noche del 24 de noviembre de 1933. aCubierta de este número: Pilar Torres y Antonio Diéguez en una escena de El juzgado se divierte.1 aMerlo, Antonio.0 aLa Farsa ; v333 aES-MaACLj2220-F-6 bR.140689